|
|
|
|
| LEADER |
01074cam a2200277 7i4500 |
| 001 |
0000075654 |
| 005 |
20090609090000.0 |
| 008 |
090506s2009 my 0 may |
| 022 |
# |
# |
|a 9789675366017
|
| 090 |
0 |
0 |
|a SH 117 .M32
|b A2 2009
|
| 100 |
0 |
# |
|a Abd Halim Safi
|
| 245 |
1 |
0 |
|a Ternakan ikan kerapu
|c Abd Halim Safi.
|
| 260 |
# |
# |
|a Kuala Terengganu, Malaysia:
|b Penerbit UMT,
|c 2009.
|
| 300 |
# |
# |
|a iv, 74 p.:
|b ill.col.c21 cm..
|
| 490 |
0 |
0 |
|a Siri buku panduan
|
| 504 |
0 |
0 |
|a Mengandungi rujukan bibliografi dan indeks
|
| 650 |
0 |
0 |
|a Fish --
|x Culture --
|z Malaysia
|
| 650 |
0 |
0 |
|a Fish hatcheries --
|z Malaysia
|
| 650 |
0 |
0 |
|a Fishes --
|x Breeding --
|z Malaysia
|
| 999 |
|
|
|a 1100069329
|b Book
|c Open Shelf
|e KOLEKSI TERBUKA
|
| 999 |
|
|
|a 1100069330
|b Book
|c Open Shelf
|e KOLEKSI TERBUKA
|
| 999 |
|
|
|a 1100069328
|b Book
|c Open Shelf
|e KOLEKSI TERBUKA
|
| 999 |
|
|
|a 1100068277
|b Book
|c Koleksi Arkib
|e BILIK ARKIB
|
| 999 |
|
|
|a 1100068278
|b Book
|c Koleksi Arkib
|e BILIK ARKIB
|
| 999 |
|
|
|a 1100069429
|b Book
|c Koleksi Arkib
|e BILIK ARKIB
|
| 999 |
|
|
|a 1100069430
|b Book
|c Koleksi Arkib
|e BILIK ARKIB
|